The complete works of Swami Vivekananda (Record no. 526528)

000 -LEADER
fixed length control field 00281nam a22000977a 4500
082 ## - DEWEY DECIMAL CLASSIFICATION NUMBER
Classification number SNT A99 V836/3
100 ## - MAIN ENTRY--PERSONAL NAME
Personal name Vivekananda Ji
9 (RLIN) 45789
245 ## - TITLE STATEMENT
Title The complete works of Swami Vivekananda
Remainder of title By Vivekananda Ji
260 ## - PUBLICATION, DISTRIBUTION, ETC. (IMPRINT)
Place of publication, distribution, etc Uttrakhand
Name of publisher, distributor, etc Swami Bodhasarananda
Date of publication, distribution, etc 2013
300 ## - PHYSICAL DESCRIPTION
Extent 592p
Holdings
Withdrawn status Lost status Source of classification or shelving scheme Damaged status Koha normalized classification for sorting Not for loan Permanent location Current location Date acquired Full call number Barcode Date last seen Price effective from Koha item type
        SNT_A99_V836_3_000000000000000   Indian Institute of Public Administration Indian Institute of Public Administration 2024-06-07 SNT A99 V836/3 GR25111 2024-06-07 2024-06-07 GR

Powered by Koha